WCC Logo Quiz - Statistics

General Stats
  • This quiz has been taken 13 times
  • The average score is 10 of 12
Answer Stats
Picture Answer % Correct
Gonzaga
100%
Oregon State
100%
Saint Mary's
91%
San Francisco
91%
Santa Clara
91%
Washington State
91%
Pacific
82%
Pepperdine
82%
San Diego
82%
Portland
73%
Seattle
73%
Loyola Marymount
36%
No matching quizzes found
Score Distribution
Percent of People with Each Score
Percentile by Number Answered
Your Score History
You have not taken this quiz